Hunger Games - Paroles de Nothing You Can't Take - Statistiques

Statistiques générales
  • Ce quiz a été pris 345 fois
  • Le résultat moyen est 113 sur 148
Statistiques - réponses
Hint Réponse % Correct
can
98%
Couplet 1 | Couplet 2 You
98%
you
98%
take
97%
Take
97%
No
96%
my
95%
can't
94%
Nothing
94%
nothing
94%
a
93%
I
93%
me
85%
keep
84%
ever
82%
was
81%
from
80%
Then
80%
keeping
79%
Pa
79%
his
78%
worth
77%
humor
75%
charm
74%
it
74%
history
73%
rumor
73%
just
72%
But
70%
past
70%
it's
68%
'Cause
67%
'cause
67%
in
66%
mystery
65%
could
61%
name's
60%
so
59%
your
57%
ass
56%
is
56%
Think
56%
control
55%
have
54%
kiss
54%
mine
52%
Bridge Thinking
52%
wealth
51%
you're
51%
change
46%
fine
45%
on
44%
Couplet 3 Maybe
41%
rearrange
41%
that's
38%
goal
37%
talking
37%
walking
36%
free,
35%
if
35%
sass
35%
give
34%
you'll
33%
again,
32%
And
24%
won't
24%
dirt
19%
hurt
19%
sir,
3%
Aucun quiz correspondant
Distribution des résultats
% des personnes avec chaque résultat
Percentile par nombre de réponses
Votre historique - résultats
Vous n’avez pas pris ce quiz